| 000 | 00383nam a2200145 a 4500 | ||
|---|---|---|---|
| 001 | 2921 | ||
| 003 | CDMR | ||
| 005 | 20130116135237.0 | ||
| 008 | 130130s1993||||||||||||||||||||||||||||d | ||
| 040 |
_aCDMR _bcat _cCPC GIRONA |
||
| 100 | 1 |
_aJuncosa, Isabel _92146 |
|
| 245 | 1 | 0 |
_aMotines de Catalunya _cJuncosa, Isabel , Vidal, Jordi |
| 260 |
_c1993 _bCurial Edicions Catalanes |
||
| 942 | _cMON | ||
| 999 |
_c2921 _d2921 |
||